000 00656nam a2200277Ia 4500
005 20260324123849.0
008 008 260324s9999 xx 000 0 eng d
020 _a9780203831007
037 _aEBOOK
040 _aCRL
040 _beng
040 _cCRL
041 _2eng
041 _aeng
084 _qCRL
100 _aAngela Wilson; Julie Scanlon
_91171947
245 0 _aLanguage Knowledge for Primary Teachers
260 _bTaylor and Francis
260 _c2011
365 _a
365 _b230
856 _uhttp://www.taylorfrancis.com/books/9780203831007
942 _cEBOOK
999 _c1765824
_d1765824